000 00281nam a2200121 a 4500
001 4140
005 20140414131956.0
008 090218s19uu xx 00 eng d
050 _aTR 551.57
_bG65 2005
100 _aGordon, Sharon
245 _aWet/dry. Starter 2.
999 _c112922
_d112922